000 02070cam a2200145 4500500
005 20260405085546.0
041 _afre
042 _adc
100 1 0 _aBrowaeys, Xavier
_eauthor
700 1 0 _aChatelain, Paul
_eauthor
245 0 0 _aÉtudier une commune : Paysages, territoires, populations, sociétés
260 _bArmand Colin,
_c2011.
520 _aDans une France de 36 000 municipalités, l’échelle locale est d’abord la commune, mais aussi les cantons, les agglomérations, les communautés urbaines, les SIVOM... Le présent ouvrage explique où trouver, comment instruire et mettre en images (par la carte, le graphique, la photographie, le film...) les documents et les informations permettant d’analyser un territoire. Prenant en compte les données les plus récentes, en particulier celles des sites Internet de l’IGN et de l’INSEE, les auteurs proposent un mode d’emploi pour une approche concrète des territoires. Une trentaine de thèmes sont traités en trois parties. La première donne les outils pour une description raisonnée des paysages, pour l’étude des enjeux de l’environnement, des options de l’aménagement et des politiques de protection du patrimoine. Tous les instruments sont là pour mener une analyse des bassins de vie et d’emploi. La deuxième traite de la composition démographique et de son évolution, des distributions sociales et de leurs changements, des activités économiques et de leurs mutations. S’y ajoute la dimension essentielle du statut des salariés, du niveau des études, de la répartition de l’impôt sur le revenu et des taxes locales. La troisième insiste sur les documents visuels déterminants pour présenter un dossier ou un exposé. Ce manuel méthodologique est destiné aux étudiants et à tous ceux qui doivent établir des diagnostics précis (élus et agents des collectivités locales, urbanistes, aménageurs, environnementalistes, paysagistes...).
856 4 1 _uhttps://shs.cairn.info/etudier-une-commune--9782200249182?lang=fr&redirect-ssocas=7080
999 _c2198534
_d2198534